000 01467nkm a22002657a 4500
001 85832
005 20260429095145.0
007 kh bo
008 260421s19601970sp ||||| |||| |0| i|spa d
040 _aM-RABA
_bspa
_cM-RABA
100 1 _aDomínguez Ramos
_9111681
245 1 1 _a[Grabado
_b: paisaje por Jean Baptista Collignon]
_c/ Dominguez Ramos
_h[Material gráfico]
260 _aMadrid
_b: Dominguez Ramos
_c, [1960-1970]
300 _a1 fotografía
_b: reproducción fotomecánica
_c; 18,5 x 25 cm
500 0 0 _aFotografía que representa uno de los grabados de Jean Baptiste Collignon, diseñado por Stefano della Bella (vista de población con puente, palafito y tres embarcaciones). El grabado original conservado actualmente en las colecciones de la Real Academia con el número de inventario: GR-2173
500 0 0 _aSello a tinta del estudio fotográfico en el verso de la imagen: "Dominguez Ramos, Archivo de Arte Color. Guzmán el Bueno, 37. Madrid-15".
500 0 0 _aFecha tomada de los años en activo del taller fotográfico.
600 1 7 _aCollignon, Jean Baptiste
_921204
600 1 7 _aDella Bella, Stefano
_917088
610 2 4 _aReal Academia de Bellas Artes de San Fernando.
_975832
655 7 _aFotografías de obras de arte
_975675
852 _jFot-756
856 _uhttps://archivoybiblioteca.realacademiabellasartessanfernando.com/cgi-bin/koha/opac-retrieve-file.pl?id=2b68bcd635f555585c1cf07ae0c6d1a7
_yFot-756
942 _cFOTOGRAFÍA
_n0
999 _c85832
_d85832